00847cam a2200229 a 450000100100000000500170001000800410002702000150006804000230008308200190010610000640012524500590018926000400024830000210028859000310030965000300034065000430037070000330041391000340044695201220048099900150060200000614120200929151940.0820406s1981 sp 001 p spa  a8482770829 aDO-SdBNPcDLCdDLC aC861.44bD359r1 aDelmar, Meiraq(Olga Isabel Chams Eljach)d1922-200991727010aReencuentro /cMeira Delmar ; Editor, Carlos Valencia. aBogotá :bCarlos Valencia,c1981. a171 p. ;c21 cm. aAutografiado por el autor. 4aPoesía colombiana93742 4aLiteratura colombianaySIGLO XX9144091 aValencia, Carloseed.917271 aCatalogación por copia / LC 001052708MOaGRbGRcCTd2009-08-26iLF1l0oC861.44 D359rp6141-10r2020-06-25w2020-06-25y2ZPréstamo interno c5937d5937